Statistiques concernant Sonic Les jeux principaux

Cliquez ici pour prendre le quiz!

Statistiques générales

  • Ce quiz a été pris 73 fois
  • Le résultat moyen est 14 sur 34

Statistiques - réponses

Réponse% Correct
Sonic The Hedgehog
86%
Sonic Frontiers
78%
Sonic The Hedgehog 3
76%
Sonic Adventure
74%
Sonic The Hedgehog 2
74%
Sonic Adventure 2
72%
Sonic Forces
71%
Sonic Unleashed
67%
Sonic Mania
64%
Sonic CD
60%
Sonic Generations
60%
Sonic and Knuckles
55%
Sonic Colours
55%
Sonic Lost World
53%
Sonic Heroes
50%
Shadow The Hedgehog
45%
Sonic Superstars
43%
Sonic Rush
38%
Sonic and The Secret Rings
29%
Sonic et le Chevalier Noir
29%
Sonic Rush Adventure
29%
Sonic Advance
28%
Sonic Advance 2
26%
Sonic Advance 3
26%
Sonic Blast
16%
Sonic the Hedgehog 4: épisode 1
12%
Sonic The Hedgehog 4: épisode 2
12%
Sonic Colours Ultimate
10%
Sonic N
7%
Sonic the Hedgehog (PS3)
7%
Sonic 3D Flickies' Island
2%
Sonic The Hedgehog Chaos
2%
Sonic The Hedgehog:Triple Trouble
2%
Sonic The Hedgehog Pocket Adventure
0%

Distribution des résultats

Percentile par nombre de réponses

% des personnes avec chaque résultat

Votre développement - résultats

Vous n’avez pas pris ce quiz